| 000 | 00829nam a2200193 i 4500 | ||
|---|---|---|---|
| 001 | 167139 | ||
| 003 | ES-MaACL | ||
| 005 | 20250819164400.0 | ||
| 008 | 050926s1893 mx | |||||||| ||spa d | ||
| 040 |
_aCAM _bspa _cCAM |
||
| 100 | 1 |
_aVelasco, Alfonso Luis. _9133598 |
|
| 245 | 1 | 0 |
_aGeografia y estadistica del estado de Durango / _cAlfonso Luis Velasco. |
| 260 |
_aMexico : _b[s.n.], _c1893 ( _fOficina tip. de la Secretaria de Fomento) |
||
| 300 |
_a196 p. ; _c24 cm. |
||
| 490 | 1 |
_aGeografia y estadistica de la Republica Mexicana por Alfonso Luis Velasco ; _v13 |
|
| 830 | 0 | 0 |
_aGeografía y estadística de la República mexicana _v13 _9222600 |
| 852 |
_aES-MaACL _j1688-F-5 _z-- Rust. _z-- Sello de la Compañía del Tlahualilo, Mexico, Nov. 16 1910 _q-- Falto de las pag.41 a 56 |
||
| 999 |
_c167139 _d167139 |
||